000 00953nam a22002651u 4500
001 05934
003 HDC
007 cr bn ---
008 210121p xx fo d 00 engg
040 _aHDC
100 _aProf. Dato' Dr. Ismail bin Hj. Ibrahim
_96271
245 0 _aFATWA MAKANAN :
_bPERKAITAN DI ANTARA KESELAMATAN DAN HALAL /
_cby Prof. Dato' Dr. Ismail bin Hj. Ibrahim
260 _a[No place] :
_b[publisher not identified],
_c2011
300 _a14 pages :
_bIllustrations
336 _atext
_2rdacontent
337 _acomputer
_2rdamedia
338 _aonline resource
_2rdacarrier
650 _aHalal certification
_9753
650 _aHalal industry
_9144
650 _aPrinciples of Halal
_95746
856 _zRequest full-text at [email protected]
942 _2lcc
942 _cSLIDE
942 _kSLID 000636
999 _c3258
_d3258